The Perfect Gift / (Record no. 5664)
[ view plain ]
| 000 -LEADER | |
|---|---|
| fixed length control field | 00515nam a22001937a 4500 |
| 003 - CONTROL NUMBER IDENTIFIER | |
| control field | GBCCL |
| 005 - DATE AND TIME OF LATEST TRANSACTION | |
| control field | 20241126110547.0 |
| 008 - FIXED-LENGTH DATA ELEMENTS--GENERAL INFORMATION | |
| fixed length control field | 180403b ||||| |||| 00| 0 eng d |
| 040 ## - CATALOGING SOURCE | |
| Transcribing agency | gbc |
| 082 ## - DEWEY DECIMAL CLASSIFICATION NUMBER | |
| Classification number | 252.61 |
| Item number | ZOD |
| 100 ## - MAIN ENTRY--PERSONAL NAME | |
| Personal name | Zodhiates, Spiros |
| 9 (RLIN) | 10225 |
| 245 ## - TITLE STATEMENT | |
| Title | The Perfect Gift / |
| Statement of responsibility, etc. | Spiros Zodhiates |
| 250 ## - EDITION STATEMENT | |
| Edition statement | 2nd Printing |
| 260 ## - PUBLICATION, DISTRIBUTION, ETC. | |
| Place of publication, distribution, etc. | New Jersey: |
| Name of publisher, distributor, etc. | AMG Press, |
| Date of publication, distribution, etc. | 1975 |
| 300 ## - PHYSICAL DESCRIPTION | |
| Extent | 99 p.; |
| Other physical details | ill., |
| Dimensions | 18 cm. |
| 650 ## - SUBJECT ADDED ENTRY--TOPICAL TERM | |
| Topical term or geographic name entry element | Christmas Sermons |
| 9 (RLIN) | 10226 |
| 650 ## - SUBJECT ADDED ENTRY--TOPICAL TERM | |
| Topical term or geographic name entry element | Sermons |
| Form subdivision | Christmas |
| 9 (RLIN) | 10227 |
| 942 ## - ADDED ENTRY ELEMENTS (KOHA) | |
| Source of classification or shelving scheme | Dewey Decimal Classification |
| Koha item type | Books |
| Withdrawn status | Lost status | Source of classification or shelving scheme | Damaged status | Not for loan | Home library | Current Library | Shelving location | Date acquired | Total checkouts | Full call number | Barcode | Date last seen | Date last checked out | Copy number | Price effective from | Koha item type |
|---|---|---|---|---|---|---|---|---|---|---|---|---|---|---|---|---|
| Dewey Decimal Classification | GRACE BIBLE COLLEGE | GRACE BIBLE COLLEGE | Ministry & Mission | 2018-04-03 | 1 | 252.61 ZOD | 004157 | 2025-05-01 | 2024-12-09 | c.1 | 2018-04-03 | Books |